Statystyki dla Test wiedzy o Kazachstanie

Kliknij tutaj aby rozwiązać quiz!

Ogólne statystyki

  • Ten quiz został rozwiązany 152 razy
  • Średni wynik to 4 z 10

Statystyki odpowiedzi

ZagadnienieOdpowiedź% Poprawnych
Jaka jest stolica KazachstanuNur-Sułtan
77%
Słynnym Kazachem jestNursułtan Nazarbajew
64%
Słynne prawie wyschnięte w całości jezioro toJezioro Aralskie
58%
Jaką rudę Kazachstan wydobywa najwięcejuran
49%
Jaka jest dominująca religiaIslam
48%
Który pod względem powierzchni jest Kazachstan9
38%
Kiedy Kazachstan proklamował niepodległość16 grudnia 1991
35%
Najwyższy szczyt Kazachstanu toChan Tengri
27%
Jaka jest największa rzeka KazachstanuOb
22%
Dominująca szata graficzna Kazachstanu topustynie i półpustynie
22%

Rozkład punktacji

Percentyl według liczby udzielonych odpowiedzi

Procent ludzi z każdym wynikiem

Twoja historia wyników

Nie rozwiązałeś tego quizu